000 00244nam a2200085Ia 4500
008 170620s9999 xx 000 0 und d
100 _aRamanujam- P. R.
245 0 _aGlobalization- Education and Open Distance Learning
260 _bDelhi- Shipra Publications
260 _c2006
999 _c24802
_d24802